000 00910nam a2200229Ia 4500
005 20260430150748.0
008 008 250103s9999 xx 000 0 hin d
037 _aTheses
040 _aCRL
040 _bhin
040 _chin
041 _2hin
041 _ahin
084 _qCRL
100 _aडिंपल कुमारी, ले.
_9866475
245 0 _aजेंडर - बांइनरी व्यवस्था के संदर्भ में ट्रांसजेंडर समुदाय के सामाजिक एवं शैक्षिक अनुभवों और यथार्थ का अध्ययन
260 _c2021
300 _a430पृ0
700 _aदिल्ली विश्वविद्यालय. शिक्षा संकाय. शिक्षा विभाग
_9556122
942 _cTH
999 _c1850652
_d1850652